Normal view MARC view
  • Machine Learning

Entry Geographic Name

Number of records used in: 1

001 - CONTROL NUMBER

  • control field: 118245

003 - CONTROL NUMBER IDENTIFIER

  • control field: NUST

005 - DATE AND TIME OF LATEST TRANSACTION

  • control field: 20230927141108.0

008 - FIXED-LENGTH DATA ELEMENTS

  • fixed length control field: 230927|| aca||aabn | a|a d

040 ## - CATALOGING SOURCE

  • Original cataloging agency: NUST
  • Transcribing agency: NUST

151 ## - HEADING--GEOGRAPHIC NAME

  • Geographic name: Machine Learning

670 ## - SOURCE DATA FOUND

  • Source citation: Work cat.: (NUST)594351: M. Bishop, Christopher 111483, Pattern recognition and machine learning /, 2006
© 2023 Central Library, National University of Sciences and Technology. All Rights Reserved.